=LDR 00000nam 2200000 4500 =001 INLIS000000000024841 =005 20130612123411 =008 ***********************************Ind** =035 ##$$0010-061300000024841 =041 ##$$a Ind =082 ##$$a 028.5 =090 ##$$a 028.5, Yud b =100 ##$$a Yudistira =245 ##$$a Balasan bagi si penghianat, Yudistira =260 ##$$a 2000 $b Jakarta =300 ##$$a 12 hlm, 18 cm =650 ##$$a Cerita anak =850 ##$$a NBPNMAT